|
|
|
|
| LEADER |
01351nam a2200265 a 4500 |
| 001 |
GR-MES10755 |
| 008 |
060922s2004 gr 000 0 gre|c |
| 020 |
|
|
|a 9607872193
|
| 040 |
|
|
|a GrPaTEI
|b gre
|c GR-PaULI
|
| 082 |
|
0 |
|a 320.973
|
| 100 |
1 |
|
|a Moore, Michael,
|d 1954 April 23-
|
| 240 |
1 |
0 |
|a Dude, where's my country?
|l Ελληνικά
|
| 245 |
1 |
0 |
|a Πού πάει η Αμερική; /
|c Μάϊκλ Μουρ ; μετάφραση Ερρίκος Μπαρτζινόπουλος.
|
| 250 |
|
|
|a 1η έκδ.
|
| 260 |
|
|
|a Αθήνα :
|b Αιώρα,
|c 2004.
|
| 300 |
|
|
|a 347 σ. ;
|c 21 εκ.
|
| 500 |
|
|
|a Μετάφραση του: Dude, where's my country?
|
| 504 |
|
|
|a Περιλαμβάνει βιβλιογραφικές παραπομπές.
|
| 650 |
|
7 |
|a Πόλεμος κατά της Τρομοκρατίας, 2001-2009
|2 lcsh/gre
|
| 651 |
|
7 |
|a Ηνωμένες Πολιτείες Αμερικής
|x Πολιτική και διακυβέρνηση
|y 2001-2009
|2 lcsh/gre
|
| 700 |
1 |
|
|a Μπαρτζινόπουλος, Ερρίκος,
|d 1944-2016
|e μεταφραστής.
|
| 942 |
|
|
|2 ddc
|
| 952 |
|
|
|0 0
|1 0
|2 ddc
|4 0
|6 320_973000000000000_MOO
|7 0
|9 270056
|a MSLG
|b MSLG
|c BSC
|d 2021-01-17
|e 24
|f 0
|g 0.00
|l 0
|o 320.973 MOO
|p 2420000019819
|r 2021-01-17 00:00:00
|t 1
|w 2021-01-17
|y BK15
|x 20060922 0 1
|x GrPaTEI
|
| 971 |
|
|
|a .b25768025
|b 23-04-20
|c 13-09-16
|
| 999 |
|
|
|c 155936
|d 155936
|